000
00278nam a2200097Ia 4500
005
20250424112916.0
008
250424s9999 xx 000 0 und d
300
_a
v. : ill. ; 28 cm.
650
_a
Political science--Periodicals. International relations--Periodicals.
942
_c
SR
999
_c
37819
_d
37819